000 00477 a2200193 4500
001 137755
020 _a8575204122
040 _cLeonardo Da Vinci
041 _aPortuguês
082 _a869.93 B263t
_bB263t
100 _aBARRETO, Lima
245 _aTriste fim de Policarpo Quaresma
260 _bCiranda Cultural
_c[19--]
_a[São Paulo]
300 _a128
362 _a19--0000
490 _aClássicos da Literatura
697 _aLiteratura brasileira
942 _cBK
999 _c137755
_d137755